The strategy of firefighting / (Record no. 8597)
[ view plain ]
| 000 -LEADER | |
|---|---|
| fixed length control field | 00681nac a22002051u 4500 |
| 010 ## - LIBRARY OF CONGRESS CONTROL NUMBER | |
| LC control number | 2007002337 |
| 020 ## - INTERNATIONAL STANDARD BOOK NUMBER | |
| International Standard Book Number | 9781593701079 (hardcover) |
| 082 00 - DEWEY DECIMAL CLASSIFICATION NUMBER | |
| Classification number | 628.925 |
| Item number | DUN |
| 090 ## - LOCALLY ASSIGNED LC-TYPE CALL NUMBER (OCLC); LOCAL CALL NUMBER (OCLC) | |
| -- | 8597 |
| -- | 8597 |
| 100 ## - MAIN ENTRY--PERSONAL NAME | |
| Personal name | Dunn, Vincent, |
| 245 14 - TITLE STATEMENT | |
| Title | The strategy of firefighting / |
| Statement of responsibility, etc | Vincent Dunn. |
| 260 ## - PUBLICATION, DISTRIBUTION, ETC. (IMPRINT) | |
| Place of publication, distribution, etc | Tulsa, Okla. : |
| Name of publisher, distributor, etc | PenWell,2007. |
| Date of publication, distribution, etc | c2007. |
| 300 ## - PHYSICAL DESCRIPTION | |
| Extent | xv, 398 p. : |
| Other physical details | ill. ; |
| Dimensions | 29 cm. |
| 500 ## - GENERAL NOTE | |
| General note | Includes index. |
| 500 ## - GENERAL NOTE | |
| General note | Distributer: Bacca |
| 511 ## - PARTICIPANT OR PERFORMER NOTE | |
| Participant or performer note | Catalogued by: Sara |
| 650 #0 - SUBJECT ADDED ENTRY--TOPICAL TERM | |
| Topical term or geographic name as entry element | Fire extinction. |
| 856 41 - ELECTRONIC LOCATION AND ACCESS | |
| Materials specified | Table of contents only |
| Uniform Resource Identifier | <a href="http://www.loc.gov/catdir/toc/ecip079/2007002337.html">http://www.loc.gov/catdir/toc/ecip079/2007002337.html</a> |
| 942 ## - ADDED ENTRY ELEMENTS (KOHA) | |
| Item type | Book - Borrowing |
| Call number prefix | 628.925DUN |
| Withdrawn status | Item status | Damaged status | Not for loan | Home library | Current library | Shelving location | Date acquired | Source of acquisition | Total Checkouts | Total Renewals | Full call number | Barcode | Date last seen | Date last borrowed | Koha item type |
|---|---|---|---|---|---|---|---|---|---|---|---|---|---|---|---|
| Central Library | Central Library | First floor | 08/03/2013 | Purchase | 1 | 2 | 628.925DUN | 000010549 | 15/07/2025 | 03/10/2016 | Book - Borrowing |